| 000 | 00384nam a2200157Ia 4500 | ||
|---|---|---|---|
| 008 | 230711s9999||||xx |||||||||||||| ||und|| | ||
| 041 | _aENG | ||
| 082 |
_a720 _bTU-S |
||
| 100 | _aTumlin,Jeffrey | ||
| 245 | 0 | _aSustainable transportation planning | |
| 250 | _a1st | ||
| 260 |
_c2012 _aNew Jersuy _bJohn Wiley & Sons.Inc |
||
| 300 | _a308 | ||
| 650 | _aCivil Engineering | ||
| 942 | _cBK | ||
| 999 |
_c5395 _d5395 |
||